[Event "Druzynowe Mistrzostwa Polski - II liga"]
[Site "Dom Wczasowy VIS Jastrzebia Gora"]
[Date "1899-12-30"]
[Round "6.21"]
[White "Krawczyk, Wojciech"]
[Black "Dubinski, Mateusz"]
[Result "0-1"]
[WhiteTitle "I++"]
[BlackTitle "FM"]
[WhiteElo "1973"]
[BlackElo "2250"]

1. e4 c6 2. d4 d5 3. Nc3 dxe4 4. Nxe4 Nd7 5. Nf3 Ngf6 6. Ng3 e6 7. c3 Bd6 8. Bd3
Qc7 9. Qe2 O-O 10. O-O b6 11. Ne4 Bf4 12. Nxf6+ Nxf6 13. Bxf4 Qxf4 14. Ne5 Bb7
15. g3 Qh6 16. Qe3 Qxe3 17. fxe3 c5 18. a4 Nd5 19. Rfe1 f6 20. Ng4 Rac8 21. Bc4
h5 22. Nf2 cxd4 23. Bxd5 Bxd5 24. exd4 a5 25. Re3 Rb8 26. Nd3 g5 27. h4 gxh4 28.
Kh2 Kf7 29. Rf1 Rg8 30. c4 Rxg3 31. Rxg3 hxg3+ 32. Kxg3 Be4 33. Ne5+ Ke7 34. Re1
fxe5 35. Rxe4 exd4 36. Rxd4 Rd8 37. Rh4 Rd3+ 38. Kf4 Rd4+ 39. Kg5 Rxh4 40. Kxh4
Kd6 41. Kxh5 Kc5 42. Kg6 Kxc4 0-1

[Event "Druzynowe Mistrzostwa Polski - II liga"]
[Site "Dom Wczasowy VIS Jastrzebia Gora"]
[Date "1899-12-30"]
[Round "6.22"]
[White "Mazurkiewicz, Michal"]
[Black "Cichon, Jakub"]
[Result "1-0"]
[WhiteTitle "CM"]
[BlackTitle "I+"]
[WhiteElo "2159"]
[BlackElo "1940"]

1. e4 e5 2. Nf3 Nc6 3. d3 Nf6 4. g3 d5 5. exd5 Nxd5 6. Bg2 Be7 7. O-O h5 8. Re1
Bg4 9. h3 Bxf3 10. Qxf3 Ndb4 11. Na3 Qd7 12. Bd2 f6 13. Qe4 O-O-O 14. Qf5 Na5
15. Qe4 Nac6 16. Nb5 Kb8 17. Bxb4 Bxb4 18. c3 Be7 19. Rad1 g5 20. Qa4 a6 21. Na3
Bxa3 22. bxa3 Ne7 23. Qb3 c6 24. d4 Qc7 25. Rb1 Nf5 26. Qe6 Nd6 27. Qxf6 g4 28.
dxe5 Nb5 29. c4 Nc3 30. Rb3 Rhf8 31. Qxc6 Qxc6 32. Bxc6 Nd1 33. e6 Nxf2 34. e7
Nxh3+ 35. Kh1 Kc7 36. exd8=Q+ Rxd8 37. Bg2 1-0

[Event "Druzynowe Mistrzostwa Polski - II liga"]
[Site "Dom Wczasowy VIS Jastrzebia Gora"]
[Date "1899-12-30"]
[Round "6.23"]
[White "Cichon, Bartlomiej"]
[Black "Krupa, Monika"]
[Result "1-0"]
[WhiteTitle "I"]
[BlackTitle "WGM"]
[WhiteElo "1984"]
[BlackElo "2140"]

1. e4 c5 2. Nf3 Nc6 3. d4 cxd4 4. Nxd4 Nf6 5. Nc3 e5 6. Ndb5 d6 7. Bg5 a6 8. Na3
b5 9. Nd5 Be7 10. Bxf6 Bxf6 11. c4 b4 12. Nc2 a5 13. Qf3 Bg5 14. h4 Bh6 15. g4
Bf4 16. Nxf4 Qf6 17. O-O-O Qxf4+ 18. Qxf4 exf4 19. Rd2 d5 20. Rxd5 Ne5 21. Rd6
Bd7 22. g5 Be6 23. b3 Ke7 24. Rd2 h6 25. g6 Nxg6 26. Nd4 Ne5 27. h5 Rhd8 1-0

[Event "Druzynowe Mistrzostwa Polski - II liga"]
[Site "Dom Wczasowy VIS Jastrzebia Gora"]
[Date "1899-12-30"]
[Round "6.24"]
[White "Mondrzycki, Bartlomiej"]
[Black "Stachowiak, Kamil"]
[Result "0-1"]
[WhiteTitle "CM"]
[BlackTitle "IM"]
[WhiteElo "2220"]
[BlackElo "2476"]

1. d4 Nf6 2. Bg5 e6 3. Nd2 h6 4. Bh4 d5 5. e3 Be7 6. Bd3 b6 7. c3 O-O 8. Bxf6 Bxf6
9. f4 Ba6 10. Bxa6 Nxa6 11. Ngf3 c5 12. Qe2 Nc7 13. O-O Ne8 14. Kh1 Nd6 15. g4
g6 16. Ne5 Rc8 17. Qd3 Qe7 18. Rf3 Kg7 19. Rg1 b5 20. a3 a5 21. Rh3 b4 22. g5
hxg5 23. fxg5 Bxe5 24. dxe5 Nf5 25. e4 dxe4 26. Qxe4 Rh8 27. Rxh8 Rxh8 28. Rg4
Qd7 29. Nc4 bxa3 30. bxa3 Qd1+ 31. Kg2 Rb8 32. Qf3 Qc2+ 33. Kh1 Rb1+ 34. Rg1 Rxg1+
35. Kxg1 Qc1+ 36. Kf2 Qxg5 37. Nxa5 Qd2+ 38. Qe2 Qxc3 39. Nc4 Nd4 40. Qa2 Qf3+
41. Ke1 Qh1+ 0-1

[Event "Druzynowe Mistrzostwa Polski - II liga"]
[Site "Dom Wczasowy VIS Jastrzebia Gora"]
[Date "1899-12-30"]
[Round "6.25"]
[White "Dobrowolski, Piotr"]
[Black "Bronowicki, Mateusz"]
[Result "1/2-1/2"]
[WhiteTitle "IM"]
[BlackTitle "FM"]
[WhiteElo "2424"]
[BlackElo "2189"]

1. e4 e6 2. d4 d5 3. e5 c5 4. c3 Nc6 5. Nf3 Bd7 6. Be2 cxd4 7. cxd4 Nh6 8. O-O
Nf5 9. Nc3 a6 10. Kh1 h5 11. Be3 Rc8 12. Bd3 g6 13. Bxf5 gxf5 14. Bg5 Qb6 15.
Bf6 Rh6 16. Qd2 Rg6 17. Rfd1 Na5 18. Nh4 Nc4 19. Qe2 Qxb2 20. Nxg6 fxg6 21. Rac1
Bh6 22. Rc2 Qb6 23. h4 Qa5 24. Rd3 Na3 25. Rb2 Rxc3 26. Rxc3 Qxc3 27. Rxb7 Nc2
28. Rb8+ Kf7 29. Rb7 Ke8 30. Rb8+ Kf7 31. Rb7 Ke8 1/2-1/2

[Event "Druzynowe Mistrzostwa Polski - II liga"]
[Site "Dom Wczasowy VIS Jastrzebia Gora"]
[Date "1899-12-30"]
[Round "6.26"]
[White "Zareba, Radoslaw"]
[Black "Luberanski, Jakub"]
[Result "0-1"]
[WhiteTitle "k"]
[BlackTitle "FM"]
[WhiteElo "2114"]
[BlackElo "2211"]

1. g3 d5 2. Bg2 e5 3. c4 c6 4. cxd5 cxd5 5. d3 Nc6 6. Nf3 Bb4+ 7. Nfd2 Nge7 8.
O-O O-O 9. a3 Bd6 10. Nc3 Be6 11. b4 Qd7 12. Nb3 f5 13. Nb5 Ng6 14. Nxd6 Qxd6
15. Nc5 Rf7 16. Bb2 f4 17. Qb3 Rd8 18. Nxe6 Qxe6 19. Rac1 h5 20. b5 Nce7 21. Rc7
h4 22. Rxb7 fxg3 23. hxg3 hxg3 24. fxg3 Rxf1+ 25. Kxf1 Qg4 26. Bxe5 Nf5 27. Qc3
Re8 28. Bd4 Kh7 29. Bxg7 Ne5 0-1

[Event "Druzynowe Mistrzostwa Polski - II liga"]
[Site "Dom Wczasowy VIS Jastrzebia Gora"]
[Date "1899-12-30"]
[Round "6.27"]
[White "Madej, Marek"]
[Black "Suliborski, Jakub"]
[Result "1-0"]
[WhiteTitle "I++"]
[BlackTitle "k"]
[WhiteElo "2035"]
[BlackElo "2096"]

1. e4 c5 2. Nc3 Nc6 3. Nge2 g6 4. d4 cxd4 5. Nxd4 Bg7 6. Nde2 d6 7. g3 Nf6 8. Bg2
O-O 9. O-O Bd7 10. h3 Ne5 11. Nd5 Nxd5 12. exd5 b5 13. Rb1 Rc8 14. b3 Bf5 15.
Nd4 Qc7 16. f4 Nd7 17. Nc6 Nb8 18. g4 Qb6+ 19. Kh1 Rxc6 20. dxc6 Bc8 21. Qf3 e6
22. f5 exf5 23. g5 Be6 24. Bf4 Rc8 25. Rfd1 d5 26. c4 Nxc6 27. cxd5 Nd4 28. Qf2
Rc2 29. Rd2 Rxd2 30. Bxd2 Bd7 31. Be3 f4 32. Qxf4 1-0

[Event "Druzynowe Mistrzostwa Polski - II liga"]
[Site "Dom Wczasowy VIS Jastrzebia Gora"]
[Date "1899-12-30"]
[Round "6.28"]
[White "Stelmaszuk, Maciej"]
[Black "Topola, Rafal"]
[Result "1/2-1/2"]
[WhiteTitle "I+"]
[BlackTitle "I"]
[WhiteElo "1992"]
[BlackElo "2006"]

1. Nf3 c5 2. c4 Nc6 3. Nc3 e5 4. g3 g6 5. Bg2 Bg7 6. O-O Nge7 7. d3 O-O 8. Rb1
Rb8 9. a3 a5 10. Ne1 d6 11. Nc2 Be6 12. b4 axb4 13. axb4 Nxb4 14. Nxb4 cxb4 15.
Rxb4 d5 16. cxd5 Nxd5 17. Nxd5 Bxd5 18. Rb5 Bxg2 19. Kxg2 Re8 20. Qb3 Qd7 21.
Be3 b6 22. Rxb6 Rxb6 23. Qxb6 e4 24. d4 Re6 25. Qb8+ Re8 26. Qb4 Bf8 27. Qd2 h5
28. h4 Bg7 29. Rb1 Rd8 30. Rb4 Bf6 31. Bg5 Qd5 32. Qf4 Bxg5 33. hxg5 Qd6 34. Qxd6
Rxd6 35. f4 exf3+ 36. exf3 Kf8 37. Kf2 Ke7 38. Ke3 Re6+ 39. Kf4 Re1 40. Rb7+ Ke6
41. d5+ Kxd5 42. Rxf7 Ra1 43. Rf6 Ra4+ 44. Ke3 Ra3+ 45. Kf2 Ra2+ 46. Kf1 Ke5 47.
Rxg6 Kf5 48. Rg8 Rb2 49. g6 Kf6 50. g7 Rb5 51. Kg2 Kf7 52. Rh8 Kxg7 53. Ra8 Rb3
54. f4 1/2-1/2

[Event "Druzynowe Mistrzostwa Polski - II liga"]
[Site "Dom Wczasowy VIS Jastrzebia Gora"]
[Date "1899-12-30"]
[Round "6.29"]
[White "Smietanska, Wiktoria"]
[Black "Zdziarska-zareba, Lidia"]
[Result "1-0"]
[WhiteTitle "CM"]
[BlackTitle "k+"]
[WhiteElo "1851"]
[BlackElo "1854"]

1. e4 c5 2. Nf3 g6 3. d4 cxd4 4. Nxd4 Bg7 5. c4 Nc6 6. Be3 d6 7. Nc3 Nf6 8. Be2
O-O 9. O-O Be6 10. f4 Nxd4 11. Bxd4 Qc8 12. Qd3 Bg4 13. Bxg4 Nxg4 14. Bxg7 Kxg7
15. b4 Qc6 16. h3 Nf6 17. Nd5 Nxd5 18. exd5 Qb6+ 19. Kh1 Rac8 20. a3 Rc7 21. f5
f6 22. fxg6 hxg6 23. Rae1 Rh8 24. Re6 Rh4 25. c5 Qa6 26. b5 Qa5 27. cxd6 Rc3 28.
Rxe7+ Kh8 29. Qxg6 Rcxh3+ 30. gxh3 Rxh3+ 31. Kg2 Qd2+ 32. Kxh3 Qd3+ 1-0

[Event "Druzynowe Mistrzostwa Polski - II liga"]
[Site "Dom Wczasowy VIS Jastrzebia Gora"]
[Date "1899-12-30"]
[Round "6.30"]
[White "Zebracki, Tomasz"]
[Black "Marczuk, Dominik"]
[Result "1-0"]
[WhiteTitle "k+"]
[BlackTitle "FM"]
[WhiteElo "2209"]
[BlackElo "2281"]

1. d4 Nf6 2. Bf4 c5 3. e3 Qb6 4. Na3 d6 5. Nc4 Qc7 6. c3 g6 7. h3 b5 8. Nd2 Bd7
9. Be2 e5 10. dxe5 dxe5 11. Bg3 Bc6 12. Ngf3 Nbd7 13. a4 c4 14. axb5 Bxb5 15.
b3 Rd8 16. Bxc4 Bxc4 17. Nxc4 Ne4 18. Bh4 f6 19. Qc2 Nd6 20. Nxd6+ Bxd6 21. O-O
O-O 22. Rfd1 Nb6 23. e4 g5 24. Bg3 Bb4 25. Rdc1 Bxc3 26. b4 Rc8 27. Qb3+ Kh8 28.
Ra3 Rfd8 29. Rxc3 Qxc3 30. Qxc3 Rxc3 31. Rxc3 Rd1+ 32. Kh2 Rb1 33. Rc6 Kg7 34.
Rc7+ Kg6 35. Rxa7 Nc4 36. h4 1-0

[Event "Druzynowe Mistrzostwa Polski - II liga"]
[Site "Dom Wczasowy VIS Jastrzebia Gora"]
[Date "1899-12-30"]
[Round "6.31"]
[White "Chmiel, Marcin"]
[Black "Borgula, Rafal"]
[Result "1-0"]
[WhiteTitle "k+"]
[BlackTitle "FM"]
[WhiteElo "2188"]
[BlackElo "2201"]

1. d4 Nf6 2. c4 e6 3. Nf3 d5 4. Nc3 Be7 5. Bf4 O-O 6. e3 c5 7. dxc5 Bxc5 8. a3
Nc6 9. Qc2 Be7 10. Rd1 a6 11. Be2 Qb6 12. O-O dxc4 13. Bxc4 Qa5 14. Ng5 h6 15.
Nge4 Nxe4 16. Nxe4 e5 17. Bg3 Bg4 18. f3 Bf5 19. Nf6+ Bxf6 20. Qxf5 e4 21. Qxe4
Rae8 22. Qc2 Rxe3 23. Rd5 b5 24. Bf2 Re5 25. Rfd1 Rxd5 26. Bxd5 Ne5 27. f4 Nc4
28. b3 Nxa3 29. Qf5 Qc3 30. h4 Qc8 31. Qh5 Qc2 32. Re1 Qc8 33. b4 Nc2 34. Rc1
Bb2 35. Rd1 Nxb4 36. Be4 Qc4 37. Qf3 Re8 38. Re1 Rd8 39. Bb1 Bd4 40. Bxd4 Qxd4+
41. Kh2 a5 42. h5 a4 43. Re4 Qb2 44. Qd1 Rf8 45. f5 a3 46. f6 a2 47. fxg7 Kxg7
48. Rg4+ Kh8 49. Qd6 Qg7 50. Rxg7 Kxg7 51. Bxa2 Nxa2 52. Qa3 b4 53. Qxa2 Rb8 54.
Qb2+ Kg8 55. Qb3 Rb5 56. g4 Kg7 57. Kg3 1-0

[Event "Druzynowe Mistrzostwa Polski - II liga"]
[Site "Dom Wczasowy VIS Jastrzebia Gora"]
[Date "1899-12-30"]
[Round "6.32"]
[White "Paprocki, Jaroslaw"]
[Black "Gbyl, Andrzej"]
[Result "1/2-1/2"]
[WhiteTitle "k++"]
[BlackTitle "k+"]
[WhiteElo "2170"]
[BlackElo "2144"]

1. d4 Nf6 2. c4 g6 3. Nc3 Bg7 4. e4 d6 5. h3 O-O 6. Nf3 c5 7. Be3 Nc6 8. d5 Na5
9. Nd2 e6 10. Bd3 exd5 11. cxd5 a6 12. Rc1 b5 13. b3 Re8 14. O-O Bd7 15. Re1 b4
16. Ne2 Bb5 17. Qc2 Qd7 18. Bf4 Re7 19. Ng3 Rae8 20. Nf3 h6 21. Rcd1 c4 22. Bf1
cxb3 23. axb3 Bxf1 24. Kxf1 Rc8 25. Qd3 Ne8 26. e5 dxe5 27. Nxe5 Qb5 28. Qxb5
axb5 29. d6 Nxd6 30. Rxd6 Nxb3 31. Nc6 Rxe1+ 32. Kxe1 Kh7 33. Kd1 Ra8 34. Ne4
Ra1+ 35. Ke2 Nc1+ 36. Bxc1 Rxc1 37. Na5 f5 38. Nb3 Rg1 39. Nec5 Rxg2 40. Ne6 Bc3
41. Nbd4 Bxd4 42. Rxd4 Rh2 43. Rxb4 Rxh3 44. Rxb5 Ra3 45. Rb7+ Kh8 46. Rf7 Ra5
47. Kf3 Rb5 48. Kg3 Ra5 49. Rf6 Kh7 50. Rf7+ Kh8 51. f3 Rb5 52. Nc7 Ra5 53. Rd7
g5 54. Nd5 Kg8 55. Nf6+ Kf8 56. Rh7 Ra3 57. Kg2 Ra2+ 58. Kf1 Ra4 59. Nd7+ Kg8
60. Nf6+ Kf8 61. Nh5 Ra6 62. Rd7 Ra1+ 63. Ke2 Ra6 64. Ng3 Ra2+ 65. Ke1 Ra3 66.
Kf2 g4 67. fxg4 fxg4 68. Rh7 Ra6 69. Nh5 Ra3 70. Kg2 Rf3 71. Rxh6 Rh3 72. Rf6+
Ke7 73. Rf5 Ra3 74. Rd5 Ra4 75. Kg3 Ke6 76. Rg5 Kd6 77. Nf4 Ra1 78. Rd5+ Kc6 79.
Kxg4 Rc1 80. Rd8 Re1 81. Kf5 Kc7 82. Rd4 Kc6 83. Nd3 Rh1 84. Ke4 Rh4+ 85. Nf4
Rh7 86. Ke5 Rh1 87. Rd6+ Kc5 88. Nd3+ Kc4 89. Ke4 Rh4+ 90. Nf4 Kc5 91. Rg6 Kb5
92. Ke5 Rh1 93. Rd6 Kc5 94. Nd3+ Kc4 95. Rd4+ Kc3 96. Nf4 Re1+ 97. Kd5 Re8 98.
Rd3+ Kc2 99. Rg3 Rh8 100. Kc4 Rc8+ 101. Kd4 Rh8 102. Rc3+ Kd2 103. Ra3 Rd8+ 104.
Nd5 Ke2 105. Rh3 Kf2 106. Rd3 Kg2 107. Ke3 Re8+ 108. Kd2 Kf2 109. Nc3 Re7 110.
Nd1+ Kg2 111. Ne3+ Kf2 112. Ng4+ Kg2 113. Nh6 Ra7 114. Nf5 Ra8 115. Ke3 Ra4 116.
Rd2+ Kh3 117. Rd5 Kg4 118. Nh6+ Kh4 119. Nf7 Kg4 120. Rg5+ Kh4 121. Rf5 Kg4 122.
Rg5+ Kh4 123. Rf5 1/2-1/2

[Event "Druzynowe Mistrzostwa Polski - II liga"]
[Site "Dom Wczasowy VIS Jastrzebia Gora"]
[Date "1899-12-30"]
[Round "6.33"]
[White "Golda, Sebastian"]
[Black "Popiol, Michal"]
[Result "0-1"]
[WhiteTitle "k"]
[BlackTitle "CM"]
[WhiteElo "2105"]
[BlackElo "2183"]

1. e4 c5 2. Nf3 d6 3. d4 cxd4 4. Nxd4 Nf6 5. Nc3 a6 6. Bc4 e6 7. Bb3 b5 8. Bg5
Be7 9. Qf3 Qb6 10. O-O-O O-O 11. Rhe1 Nbd7 12. Qg3 Nc5 13. f4 Nxb3+ 14. axb3 b4
15. Na4 Qb7 16. e5 dxe5 17. Nc5 exf4 18. Qxf4 Qa7 19. Ne4 Nxe4 20. Rxe4 Bxg5 21.
Qxg5 f6 22. Qa5 e5 23. Nc6 Qb7 24. Qd5+ Kh8 25. Rxb4 Qc7 26. Nd8 Bf5 27. Qc6 Qxc6
28. Nxc6 Rae8 29. Kd2 Rc8 30. Rb6 Be4 31. Nb4 Bxg2 32. c4 f5 33. Rg1 Rcd8+ 34.
Ke2 f4 35. Rxg2 f3+ 36. Kf1 Rd1+ 37. Kf2 Rd2+ 38. Kg1 Rxg2+ 39. Kf1 f2 0-1

[Event "Druzynowe Mistrzostwa Polski - II liga"]
[Site "Dom Wczasowy VIS Jastrzebia Gora"]
[Date "1899-12-30"]
[Round "6.34"]
[White "Wolanski, Michal"]
[Black "Owoc, Jakub"]
[Result "1-0"]
[WhiteTitle "I++"]
[BlackTitle "I"]
[WhiteElo "1918"]
[BlackElo "1738"]

1. c4 c5 2. Nc3 g6 3. g3 Bg7 4. Bg2 Nc6 5. Nf3 e6 6. O-O Nge7 7. d4 cxd4 8. Nb5
O-O 9. Nbxd4 d5 10. Nxc6 bxc6 11. Qa4 Bd7 12. c5 e5 13. e3 Rb8 14. b4 Qc7 15.
Rd1 Bg4 16. Bb2 e4 17. Nd4 Bxd1 18. Rxd1 Nf5 19. Nxc6 Bxb2 20. Nxb8 Rxb8 21. Rxd5
Ne7 22. Rd7 Qe5 23. c6 Nxc6 24. Qxc6 Rxb4 25. Qa8+ Kg7 26. Qxa7 Qf5 27. Rb7 Bc3
28. Rxb4 Bxb4 29. Qd4+ 1-0

[Event "Druzynowe Mistrzostwa Polski - II liga"]
[Site "Dom Wczasowy VIS Jastrzebia Gora"]
[Date "1899-12-30"]
[Round "6.35"]
[White "Jedrocha, Katarzyna"]
[Black "Paprocka, Renata"]
[Result "1-0"]
[WhiteTitle "k"]
[BlackTitle "WFM"]
[WhiteElo "1978"]
[BlackElo "1869"]

1. e4 Nf6 2. Nc3 e5 3. Nf3 d6 4. d4 Nbd7 5. Bc4 Be7 6. a4 a5 7. Ng5 O-O 8. Bxf7+
Rxf7 9. Ne6 Qe8 10. Nxc7 Qd8 11. Nxa8 exd4 12. Nb5 Nxe4 13. O-O d5 14. Nac7 Ndf6
15. f3 Bc5 16. Kh1 d3 17. fxe4 Ng4 18. Bf4 Be3 19. Bg3 dxe4 20. Rxf7 Kxf7 21.
cxd3 exd3 22. Qb3+ Kg6 23. Rf1 Bf5 24. h3 Nh6 25. Nd5 Qg5 26. Bf4 Qh4 27. Bxe3
Bxh3 28. Nf4+ Kf6 29. Nxh3+ Ke5 30. Qc3+ Ke6 31. Nc7+ Kd7 32. Qxg7+ Kc8 33. Rf8+
Qd8 34. Rxd8+ Kxd8 35. Bxh6 1-0

[Event "Druzynowe Mistrzostwa Polski - II liga"]
[Site "Dom Wczasowy VIS Jastrzebia Gora"]
[Date "1899-12-30"]
[Round "6.37"]
[White "Karpus, Michal"]
[Black "Kokoszczynski, Jan"]
[Result "1/2-1/2"]
[WhiteTitle "FM"]
[BlackTitle "FM"]
[WhiteElo "2207"]
[BlackElo "2313"]

1. e4 e5 2. Nf3 Nc6 3. Bb5 a6 4. Ba4 Nf6 5. O-O Nxe4 6. d4 Be7 7. Bxc6 dxc6 8.
Qe2 Bf5 9. dxe5 O-O 10. Bf4 Re8 11. Rd1 Qc8 12. Nbd2 Nxd2 1/2-1/2

[Event "Druzynowe Mistrzostwa Polski - II liga"]
[Site "Dom Wczasowy VIS Jastrzebia Gora"]
[Date "1899-12-30"]
[Round "6.38"]
[White "Flak, Pawel"]
[Black "Pacuszka, Tomasz"]
[Result "1/2-1/2"]
[WhiteTitle "k+"]
[BlackTitle "FM"]
[WhiteElo "2190"]
[BlackElo "2195"]

1. d4 d6 2. c4 e5 3. g3 Nd7 4. Bg2 c6 5. Nc3 Ngf6 6. Nf3 Be7 7. O-O O-O 8. e4 Re8
9. Re1 Bf8 10. h3 Qc7 11. Be3 b6 12. b4 Bb7 13. Rc1 a6 14. d5 c5 15. b5 a5 16.
Nh4 g6 17. Kh2 Qd8 18. Rf1 Bc8 19. Bf3 Kh8 20. Ng2 Ng8 21. Bg4 Nh6 1/2-1/2

[Event "Druzynowe Mistrzostwa Polski - II liga"]
[Site "Dom Wczasowy VIS Jastrzebia Gora"]
[Date "1899-12-30"]
[Round "6.39"]
[White "Krainski, Aleksander"]
[Black "Gawronski, Miroslaw"]
[Result "1-0"]
[WhiteTitle "FM"]
[BlackTitle "m"]
[WhiteElo "2062"]
[BlackElo "1966"]

1. Nf3 d5 2. g3 g6 3. Bg2 Bg7 4. O-O e5 5. d3 c5 6. e4 d4 7. a4 Nc6 8. Na3 Nge7
9. c3 O-O 10. cxd4 cxd4 11. Bd2 h6 12. b4 Be6 13. Rc1 a6 14. a5 Nc8 15. Rc5 Nd6
16. Qa4 Qe7 17. Rfc1 Bd7 18. Qd1 Kh7 19. b5 Na7 20. bxa6 bxa6 21. Bb4 Rfb8 22.
Qd2 Qe6 23. Rd5 Nab5 24. Nxb5 Nxb5 25. h4 Rc8 26. h5 g5 27. Rcc5 Bc6 28. Rxe5
Bxe5 29. Rxe5 Qg4 30. Rf5 Qxh5 31. Ne5 f6 32. Rxf6 Qe8 33. Nf7 Rc7 34. Rxh6+ 1-0

[Event "Druzynowe Mistrzostwa Polski - II liga"]
[Site "Dom Wczasowy VIS Jastrzebia Gora"]
[Date "1899-12-30"]
[Round "6.40"]
[White "Wypych, Dominik"]
[Black "Krainski, Slawomir"]
[Result "1/2-1/2"]
[WhiteTitle "k"]
[BlackTitle "k"]
[WhiteElo "1997"]
[BlackElo "1982"]

1. d4 d5 2. c4 e6 3. Nf3 Nf6 4. g3 Be7 5. Bg2 O-O 6. O-O c6 7. Nbd2 b6 8. Qc2 Bb7
9. e4 Na6 10. b3 c5 11. exd5 exd5 12. Bb2 Nb4 13. Qb1 dxc4 14. bxc4 cxd4 15. Bxd4
Nc6 16. Bc3 Qc7 17. Re1 Ng4 18. h3 Bf6 19. Ne4 Bxc3 20. Nxc3 Nf6 21. Nd5 Qd6 22.
Ng5 g6 23. Qb2 Nxd5 24. cxd5 Qb4 25. Qf6 Qd4 26. Qd6 Nb4 27. Rad1 Qc5 28. Qe5
f6 29. Qe6+ Kh8 30. Ne4 Qc8 31. Nxf6 Qxe6 32. dxe6 Bxg2 33. e7 Bf3 34. Rd2 Kg7
35. exf8=Q+ Rxf8 36. Ne8+ Kh6 37. Rd4 Nxa2 38. Ra4 Nc3 39. Rxa7 Ne2+ 40. Rxe2
Bxe2 41. Re7 Bf3 42. g4 Kg5 43. Kh2 Bc6 44. f4+ Kxf4 45. Nc7 Rf6 46. Ne6+ Ke5
47. Nd8+ Kd4 48. Nxc6+ Rxc6 49. Rxh7 b5 50. Rb7 Kc4 51. h4 b4 52. Kg3 b3 53. h5
g5 54. Kf3 Kc3 55. Ke4 Rc4+ 56. Kf5 Rb4 57. Rc7+ Kd2 58. Rd7+ Ke2 59. Re7+ Kf2
60. Rd7 b2 61. Rd1 b1=Q+ 62. Rxb1 Rxb1 63. Kxg5 Kg3 64. h6 Rb8 65. h7 Rd8 66.
Kf6 Kxg4 67. Kg7 Rd7+ 68. Kg6 Rd8 69. Kg7 Rd7+ 70. Kg6 Rxh7 71. Kxh7 1/2-1/2

[Event "Druzynowe Mistrzostwa Polski - II liga"]
[Site "Dom Wczasowy VIS Jastrzebia Gora"]
[Date "1899-12-30"]
[Round "6.41"]
[White "Goraj, Barbara"]
[Black "Szczypawka, Aleksandra"]
[Result "1-0"]
[WhiteTitle "WCM"]
[BlackTitle "I++"]
[WhiteElo "2121"]
[BlackElo "1741"]

1. e4 c5 2. Nf3 d6 3. d4 cxd4 4. Nxd4 Nf6 5. Nc3 a6 6. h4 e5 7. Nb3 Be6 8. f4 Nc6
9. f5 Bxb3 10. axb3 Be7 11. g4 Nxe4 12. Nxe4 Bxh4+ 13. Nf2 Bxf2+ 14. Kxf2 d5 15.
Kg3 Qd6 16. c4 d4 17. Bg2 g6 18. Be4 O-O-O 19. Bd2 Rd7 20. b4 Ne7 21. c5 Qf6 22.
Qf3 gxf5 23. gxf5 Rc7 24. Kf2 h6 25. Rh5 Ng8 26. c6 bxc6 27. Rxa6 Kd7 28. b5 Ne7
29. Ba5 Rcc8 30. bxc6+ Nxc6 31. Bxc6+ Rxc6 32. Qd5+ Qd6 33. Ra7+ Kc8 34. Qxd6
1-0

[Event "Druzynowe Mistrzostwa Polski - II liga"]
[Site "Dom Wczasowy VIS Jastrzebia Gora"]
[Date "1899-12-30"]
[Round "6.42"]
[White "Janeczko, Jakub"]
[Black "Mrozowski, Patryk"]
[Result "1-0"]
[WhiteTitle "I++"]
[BlackTitle "I++"]
[WhiteElo "2159"]
[BlackElo "2116"]

1. e4 c5 2. Nf3 e6 3. d4 cxd4 4. Nxd4 Nc6 5. Nc3 Be7 6. Be3 Nf6 7. Be2 a6 8. O-O
Qc7 9. f4 d6 10. Qe1 Nxd4 11. Bxd4 e5 12. fxe5 dxe5 13. Qg3 Bc5 14. Bxc5 Qxc5+
15. Kh1 Kf8 16. Nd5 Be6 17. Nxf6 gxf6 18. Qh4 Rg8 19. Qxf6 Rg6 20. Qh8+ Rg8 21.
Qxh7 Qe3 22. Bh5 Ke7 23. Rf3 f5 24. Rxf5+ Bf7 25. Rxf7+ Kxf7 26. Qxf7 1-0

[Event "Druzynowe Mistrzostwa Polski - II liga"]
[Site "Dom Wczasowy VIS Jastrzebia Gora"]
[Date "1899-12-30"]
[Round "6.43"]
[White "Kopczyk, Daniel"]
[Black "Dalkowski, Rafal"]
[Result "1/2-1/2"]
[WhiteTitle "k+"]
[BlackTitle "k"]
[WhiteElo "2167"]
[BlackElo "2033"]

1. d4 d5 2. Nf3 Nf6 3. c4 dxc4 4. Nc3 e6 5. e3 a6 6. a4 c5 7. Bxc4 b6 8. d5 exd5
9. Nxd5 Bd6 10. e4 O-O 11. Bg5 Nbd7 12. Nxf6+ gxf6 13. Bh6 Ne5 14. Bd5 Rb8 15.
Bxf8 Qxf8 16. Nxe5 Bxe5 17. Qd2 Qg7 18. f4 Bd4 19. Ra3 Qh6 20. Rg3+ Kf8 21. Kd1
Bd7 22. b3 b5 23. axb5 Rxb5 24. f5 Qh4 25. Rh3 Qg4+ 26. Qe2 Qf4 27. Qh5 Be8 28.
Qh6+ Qxh6 29. Rxh6 Ra5 30. Ke2 Ra2+ 31. Kf3 Rf2+ 32. Kg3 Kg7 33. Rh4 Rc2 34. Rg4+
Kf8 35. Kh4 Bb5 36. Bc4 Bxc4 37. bxc4 a5 38. Rb1 Bb2 39. Rd1 Bd4 40. Rb1 Bb2 1/2-1/2

[Event "Druzynowe Mistrzostwa Polski - II liga"]
[Site "Dom Wczasowy VIS Jastrzebia Gora"]
[Date "1899-12-30"]
[Round "6.44"]
[White "Zdybel, Przemyslaw"]
[Black "Dzwierzynski, Bartosz"]
[Result "1/2-1/2"]
[WhiteTitle "I++"]
[BlackTitle "I+"]
[WhiteElo "2002"]
[BlackElo "2089"]

1. e4 c5 2. Nc3 Nc6 3. Nf3 g6 4. d4 cxd4 5. Nxd4 Bg7 6. Be3 d6 7. Qd2 Nf6 8. f3
O-O 9. Bc4 Bd7 10. Bb3 Rc8 11. O-O-O Nxd4 12. Bxd4 b5 13. h4 a5 14. h5 a4 15.
Bxf6 Bxf6 16. hxg6 e6 17. e5 Bg7 18. Rxh7 Bxe5 19. Rdh1 fxg6 20. Rh8+ Bxh8 21.
Rxh8+ Kxh8 22. Qh6+ 1/2-1/2

[Event "Druzynowe Mistrzostwa Polski - II liga"]
[Site "Dom Wczasowy VIS Jastrzebia Gora"]
[Date "1899-12-30"]
[Round "6.45"]
[White "Palacki, Rafal"]
[Black "Pancewicz, Szymon"]
[Result "1/2-1/2"]
[WhiteTitle "I"]
[BlackTitle "I+"]
[WhiteElo "1860"]
[BlackElo "1850"]

1. e4 c5 2. c4 Nc6 3. Nc3 g6 4. g3 Bg7 5. Bg2 d6 6. Nge2 e5 7. O-O Nge7 8. a3 O-O
9. d3 f5 10. f4 fxe4 11. dxe4 Bg4 12. Qd3 Nd4 13. Nxd4 cxd4 14. Nd5 Nxd5 15. cxd5
Qb6 16. Bd2 Rac8 17. b4 Bd7 18. a4 a6 19. Kh1 Kh8 20. h3 Qc7 21. Rfc1 Qb6 22.
Rxc8 Rxc8 23. f5 Qc7 24. Rc1 Qd8 25. fxg6 Rxc1+ 26. Bxc1 hxg6 27. Qa3 Qc8 28.
Kh2 Qc2 29. Bg5 d3 30. b5 Bxh3 31. Kxh3 d2 32. Bxd2 Qxd2 33. Kh2 Bf8 34. Qf3 Qh6+
35. Kg1 Qc1+ 36. Kh2 Qh6+ 37. Kg1 Qc1+ 38. Bf1 Bg7 39. bxa6 bxa6 40. Qd3 a5 41.
Kf2 Bh6 42. Be2 Bd2 43. Bf1 1/2-1/2

[Event "Druzynowe Mistrzostwa Polski - II liga"]
[Site "Dom Wczasowy VIS Jastrzebia Gora"]
[Date "1899-12-30"]
[Round "6.46"]
[White "Suska, Szymon"]
[Black "Skladanowski, Adam"]
[Result "1-0"]
[WhiteTitle "I"]
[BlackTitle "I++"]
[WhiteElo "1777"]
[BlackElo "1774"]

1. Nf3 g6 2. g3 Bg7 3. Bg2 Nf6 4. O-O O-O 5. d4 d5 6. c4 c6 7. Nc3 Be6 8. cxd5
cxd5 9. Bf4 Nc6 10. Ne5 Qb6 11. Nxc6 bxc6 12. Na4 Qb5 13. Rc1 Bg4 14. Re1 Rac8
15. Be5 Bh6 16. Rc5 Qa6 17. h3 Bf5 18. g4 Be6 19. Bxf6 exf6 20. e3 f5 21. Bf1
Qb7 22. Ra5 Qc7 23. Ra6 fxg4 24. hxg4 Rb8 25. Qc2 Rfc8 26. Be2 Bf8 27. Rc1 Qd7
28. Rxc6 Rxc6 29. Qxc6 Qe7 30. Rc3 Qh4 31. Qc7 Rb4 32. b3 Bxg4 33. Qf4 h5 34.
Bxg4 hxg4 35. Rc7 Be7 36. Nc3 g3 37. fxg3 Qxf4 38. gxf4 Bh4 39. Rxa7 Rb6 40. Nxd5
Re6 41. b4 Kg7 42. b5 Rd6 43. Nc3 Re6 44. e4 Be1 45. Rc7 Bd2 46. Rc6 Re8 47. Kg2
Bxf4 48. Kf3 Bd2 49. b6 Rb8 50. Nd5 g5 51. Kg4 Rh8 52. b7 Rb8 53. Rb6 Ba5 54.
Rb5 Bd8 55. Nb4 Bc7 56. Na6 Rh8 57. Nxc7 Rh4+ 58. Kxg5 1-0